Catalog

Record Details

Catalog Search



Rasismus a xenofobie v členských státech EU : trendy, vývoj a správná praxe : EUMC - výroční zpráva za rok 2005 : shrnutí

Record details

  • ISBN: 92-9192-039-8
  • ISSN: 1830-2491
  • Physical Description: 28 s.
  • Publisher: Lucemburk : Úřad pro úřední tisky Evropských společenství, 2006

Content descriptions

General Note:
Nad názvem: European Monitoring Centre on Racism and Xenophobia
Subject: Evropské monitorovací centrum rasismu a xenofobie
rasismus
rasová diskriminace
xenofobie
racism
racial discrimination
xenophobia
země Evropské unie
Genre: studijně rozborové zprávy

Available copies

  • 1 of 1 copy available at Common Catalog SPOK.

Holds

  • 0 current holds with 1 total copy.
Show Only Available Copies
Location Call Number / Copy Notes Barcode Shelving Location Status Due Date
Varianty Cho Ra 4605401221 Šafaříkova 17 - 5. patro, chodba Available -

LDR 01542cam a22004097a 4500
00131781
003CZ-PrJAB
00520190512062758.0
007ta
008061109s2006 lu fr 000 0 cze d
020 . ‡a92-9192-039-8 ‡q(brož.)
022 . ‡a1830-2491
035 . ‡a(CZ PrSKC)000094915
040 . ‡aABA006 ‡bcze ‡cABA006 ‡dABA006
072 7. ‡a323 ‡xVnitropolitický vývoj, politický život ‡2Konspekt ‡915
080 . ‡a339.923:061.1EUMC ‡2MRF
080 . ‡a323.14 ‡2MRF
080 . ‡a323.12 ‡2MRF
080 . ‡a(4-672EU) ‡2MRF
24500. ‡aRasismus a xenofobie v členských státech EU : ‡btrendy, vývoj a správná praxe : EUMC - výroční zpráva za rok 2005 : shrnutí
260 . ‡aLucemburk : ‡bÚřad pro úřední tisky Evropských společenství, ‡c2006
300 . ‡a28 s.
500 . ‡aNad názvem: European Monitoring Centre on Racism and Xenophobia
61027. ‡aEvropské monitorovací centrum rasismu a xenofobie ‡7vse2005279100 ‡2czenas
65007. ‡arasismus ‡7ph125031 ‡2czenas
65007. ‡arasová diskriminace ‡7ph116019 ‡2czenas
65007. ‡axenofobie ‡7ph127504 ‡2czenas
65009. ‡aracism ‡2eczenas
65009. ‡aracial discrimination ‡2eczenas
65009. ‡axenophobia ‡2eczenas
651 7. ‡azemě Evropské unie ‡7ge131521 ‡2czenas
655 4. ‡astudijně rozborové zprávy
7102 . ‡aEvropské monitorovací centrum rasismu a xenofobie ‡7vse2005279100
910 . ‡aABH006
901 . ‡a31781 ‡b ‡c31781 ‡tbiblio

Additional Resources